000
00306nam a2200109 4500
082
0
_a
493.6
242
0
0
_a
Tone and vowel picture book (for Ma'adi of sudan)
245
1
1
_a
Lũru ụ́'dụ́kụ́ trõ búkú ẹ́nọ́ drî
260
_b
Ma'adi Language Centre
_c
c.2001
300
_a
16 p.
942
_2
ddc
_c
BK
999
_c
64537
_d
64511